000 01348cam a2200349 a 4500
999 _c18926
_d18898
003 EG-ScBUE
005 20210307093331.0
008 060403r20112006enk f b f001 0 eng d
020 _a0199258120 (acidfree paper)
020 _a9780199258123
040 _aDLC
_beng
_erda
_cDLC
_dBAKER
_dUKM
_dC#P
_dYDXCP
_dOCLCQ
_dIXA
_dDLC
_dEG-ScBUE
082 0 4 _a821.9140936
_bCON
_222
245 0 0 _aContemporary poetry and contemporary science /
_cedited by Robert Crawford.
250 _aReprinted edition.
264 1 _aOxford :
_bOxford University Press,
_c2011.
300 _axvi, 234 pages ;
_c23 cm
336 _2rdacontent
_atext
_btxt
337 _2rdamedia
_aunmediated
_bn
338 _2rdacarrier
_avolume
_bnc
500 _aReprint of the 2006 edition.
504 _aIncludes bibliographical references and index.
650 7 _aScience in literature
_937301
_2BUEsh
650 7 _aEnglish poetry
_xScottish authors
_xHistory and criticism
_937302
_2BUEsh
650 7 _aScottish poetry
_y20th century
_xHistory and criticism
_937303
_2BUEsh
650 7 _aAmerican poetry
_y20th century
_xHistory and criticism
_937304
_2BUEsh
650 7 _aScience
_vPoetry
_937305
_2BUEsh
651 _2BUEsh
653 _cJanuary2015
_bHHUUEENN
655 _vReading book
_934232
700 1 _aCrawford, Robert,
_d1959-
_937306
_eeditor.
942 _2ddc
_k821.9140936 CON
_cBB